00353nam a2200157Ia 4500003000400000005001700004008004000021040000700061041001200068082001600080100001900096245003200115250000600147260003100153300001100184OSt20230227121333.0210210b1969 xxu||||| |||| 00| 0 eng d cAL aEnglish a657.46 MEHI aMEHROTRA (H C) aIncome tax law and accounts a6 aAgrabSahitya Bhavanc1969 a81,xxi